000 00725nam a2200181Ia 4500
008 100921s9999 xx 000 0 und d
082 _b4232
_a808.5 थ 53
100 _aपाटणकर अनंत विष्णु.
245 _aमी आणि माजे वक्तृत्व.खंड 1.
260 _bपाटणकर अनंत विष्णु,मुंबई.
_c1953
300 _a304
_b---
365 _b3.5
520 _aललित-भाषणकला.
630 _aमी आणि माजे वक्तृत्व.खंड 1.
650 _aललित-भाषणकला.
730 _aमी आणि माजे वक्तृत्व.खंड 1.
942 _cBOOK
999 _c753345
_d753342